000 012030000a22002050004500
001 17668
020 _a0-941037-14-2
041 0 _aeng.
082 0 4 _aR 221.44 S4251s
100 1 _aScott, William R
245 1 0 _aA simplified guide to BHS : critical apparatus, masora, accents, unusual letters & other markings / William R. Scott
250 _a2
260 _aBerkeley, Cal.: BIBAL Press,
300 _a83 p.
500 _aContiene una clave de palabras en inglés para hallar el equivalente de las palabras latinas y abreviaciones y de los símbolos de la Biblia Hebraica Stuttgartensia elaborado por H.P. Ruger. Incluye referencias bibliográficas.
520 _aEsta guía esta diseñada para ser usada como una referencia rápida mientras se lee la BHS. Por ésta razón, su contenido está organizado de tal forma que facilite el manejo de la referencia, en vez de seguir la lógica de un texto introductorio. Si usted no esta familiarizado con la BHS, se recomienda que se lea primero las secciones III-A y IV-A antes de proseguir a las otras secciones.
650 1 4 _aBIBLIA A.T. - BIBLIA HEBRAICA STUTTGARTENSIA \ BIBLIA A.T. - CRITICA TEXTUAL
700 1 _aRuger, H.P.
942 _cBK
999 _c44318
_d44318